000 00536nam a2200193 i 4500
001 92717
003 ES-MaACL
005 20230906181036.0
007 t|
008 050420s1984 fr ||||1| fre d
020 _a2-85616-285-1
080 _a159.922.1-055
100 1 _aRihoit, Catherine.
_997219
245 1 0 _aRegards de femmes /
_cCatherine Rihoit.
260 _aParis :
_bPresses de la Renaissance,
_c[1984]
300 _a346 p. ;
_c24 cm.
650 1 4 _aMujeres-
_xPsicologĂ­a.
_915309
852 _aES-MaACL
_jE-11028
_bR.134795
999 _c92717
_d92717